LEADER 03191nam 2200769 a 450 001 9910460144403321 005 20211005223034.0 010 $a1-4411-1311-8 010 $a1-283-12252-9 010 $a9786613122520 010 $a1-4411-2722-4 035 $a(CKB)2670000000083615 035 $a(EBL)711085 035 $a(OCoLC)727649590 035 $a(SSID)ssj0000522094 035 $a(PQKBManifestationID)11336239 035 $a(PQKBTitleCode)TC0000522094 035 $a(PQKBWorkID)10522822 035 $a(PQKB)11417484 035 $a(MiAaPQ)EBC711085 035 $a(Au-PeEL)EBL711085 035 $a(CaPaEBR)ebr10472209 035 $a(CaONFJC)MIL312252 035 $a(OCoLC)730242690 035 $a(MiAaPQ)EBC6161827 035 $a(MiAaPQ)EBC1727313 035 $a(Au-PeEL)EBL1727313 035 $a(OCoLC)883567580 035 $a(EXLCZ)992670000000083615 100 $a20110623d2011 uy 0 101 0 $aeng 135 $aur|n|---||||| 181 $ctxt 182 $cc 183 $acr 200 10$aDo the gods wear capes?$b[electronic resource] $espirituality, fantasy, and superheroes /$fBen Saunders 205 $a1st ed. 210 $aLondon $cContinuum$d2011 215 $a1 online resource (191 p.) 225 1 $aNew directions in religion and literature 300 $aDescription based upon print version of record. 311 $a0-8264-3556-4 311 $a0-8264-4198-X 320 $aIncludes bibliographical references and index. 327 $aCover; Contents; Series Editors' Preface; Acknowledgments; Introduction: The Power of Love; Chapter One: Superman: Truth, Justice, and All that Stuff; Chapter Two: Wonder Woman: Bondage and Liberation; Chapter Three: Spider-Man: Heroic Failure and Spiritual Triumph; Chapter Four: Iron Man: Techno-Faith; Coda: Modern Gods; Appendix: On the Place of Superhero Studies within Comics Studies; Notes; Index 330 $aBrash, bold, and sometimes brutal, superheroes might seem to epitomize modern pop-culture at its most melodramatic and mindless. But according to Ben Saunders, the appeal of the superhero is fundamentally metaphysical - even spiritual - in nature. In chapter-length analyses of the early comic book adventures of Superman, Wonder Woman, Spider-Man, and Iron-Man, Saunders explores a number of complex philosophical and theological issues, including: the problem of evil; the will-to-power; the tension between intimacy and vulnerability; and the challenge of love, in the face of mortality. He conclu 410 0$aNew directions in religion and literature. 606 $aSuperheroes$xPsychological aspects 606 $aSuperheroes 606 $aReligion 606 $aSpirituality 606 $aFantasy 608 $aElectronic books. 615 0$aSuperheroes$xPsychological aspects. 615 0$aSuperheroes. 615 0$aReligion. 615 0$aSpirituality. 615 0$aFantasy. 676 $a291.213 700 $aSaunders$b Ben$0148752 801 0$bMiAaPQ 801 1$bMiAaPQ 801 2$bMiAaPQ 906 $aBOOK 912 $a9910460144403321 996 $aDo the gods wear capes$92455460 997 $aUNINA LEADER 01115nam0 22002891i 450 001 UON00243311 005 20231205103558.440 100 $a20030912d1997 |0itac50 ba 101 $ascc 102 $aYU 105 $a|||| ||||| 200 1 $aNjegos drobnjacki zavjerenici i Smanl-aga Cengic$fStojan Karadzic 210 $aBeograd$cStrucna knjiga$d1997 215 $a241 p.$cill.$d24 cm. 606 $aMONTENEGRO$xStoria$3UONC010555$2FI 606 $aPETROVI? NJEGO? PETAR 2.$3UONC050499$2FI 606 $aCENGIC SMAIL-AGA$3UONC052861$2FI 620 $aRS$dBelgrado$3UONL001000 676 $a949.745$cMontenegro Storia$v21 700 1$aKARADZIC$bStojan$3UONV143352$0688278 712 $aStru?na knjiga$3UONV269435$4650 801 $aIT$bSOL$c20240220$gRICA 899 $aSIBA - SISTEMA BIBLIOTECARIO DI ATENEO$2UONSI 912 $aUON00243311 950 $aSIBA - SISTEMA BIBLIOTECARIO DI ATENEO$dSI SERBO CROATO A 0881 $eSI EO 35417 5 0881 996 $aNjegos drobnjacki zavjerenici i Smanl-aga Cengic$91231188 997 $aUNIOR